000 00695nam a22002297a 4500
003 UA-OsUOA
001 115496
007 ta
008 20151223b un ||||| |||| 00| 0 ukr d
100 _aДиба О.
700 _aГернего Ю.
090 _a330(477)
_bД44
942 _cSA
040 _aUA-OsUOA
_bukr
_cUA-OsUOA
_dUA-OsUOA
245 _aФінансування інноваційного розвитку: досвід Польщі та рекомендації для України
300 _aС.11-15
955 _a0
041 _aukr
080 _a330(477)
773 0 _w115494
_tЕкономіст
_dК.
_d2015
_g11
650 7 _a330 Економіка взагалі
_2UDC
999 _c402126
_d402126